Avrasya dosyası : (Record no. 200001010)
[ view plain ]
| 000 -LEADER | |
|---|---|
| fixed length control field | 01065 a2200325 4500 |
| 001 - CONTROL NUMBER | |
| control field | 200001010 |
| 003 - CONTROL NUMBER IDENTIFIER | |
| control field | TR-AnTOB |
| 005 - DATE AND TIME OF LATEST TRANSACTION | |
| control field | 20240523114336.0 |
| 008 - FIXED-LENGTH DATA ELEMENTS--GENERAL INFORMATION | |
| fixed length control field | 100606s2007 tu 000 0 |
| 022 ## - INTERNATIONAL STANDARD SERIAL NUMBER | |
| International Standard Serial Number | 97813025678 |
| 040 ## - CATALOGING SOURCE | |
| Original cataloging agency | TR-AnTOB |
| Language of cataloging | eng |
| Transcribing agency | TR-AnTOB |
| Description conventions | rda |
| 041 0# - LANGUAGE CODE | |
| Language code of text/sound track or separate title | Türkçe |
| 050 14 - LIBRARY OF CONGRESS CALL NUMBER | |
| Classification number | JN98 |
| 090 ## - LOCALLY ASSIGNED LC-TYPE CALL NUMBER (OCLC); LOCAL CALL NUMBER (RLIN) | |
| Classification number (OCLC) (R) ; Classification number, CALL (RLIN) (NR) | JN98 |
| Local cutter number (OCLC) ; Book number/undivided call number, CALL (RLIN) | .A95 2007 |
| 245 00 - TITLE STATEMENT | |
| Title | Avrasya dosyası : |
| Remainder of title | Karadeniz'in yeni jeopolitiği / |
| Statement of responsibility, etc. | ASAM. |
| 264 #1 - PRODUCTION, PUBLICATION, DISTRIBUTION, MANUFACTURE, AND COPYRIGHT NOTICE | |
| Place of production, publication, distribution, manufacture | Ankara : |
| Name of producer, publisher, distributor, manufacturer | ASAM, |
| Date of production, publication, distribution, manufacture, or copyright notice | 2007. |
| 300 ## - PHYSICAL DESCRIPTION | |
| Extent | 309 pages ; |
| Dimensions | 24 cm |
| 336 ## - CONTENT TYPE | |
| Source | rdacontent |
| Content type term | text |
| Content type code | txt |
| 337 ## - MEDIA TYPE | |
| Source | rdamedia |
| Media type term | unmediated |
| Media type code | n |
| 338 ## - CARRIER TYPE | |
| Source | rdacarrier |
| Carrier type term | volume |
| Carrier type code | nc |
| 500 ## - GENERAL NOTE | |
| General note | "Cilt 13 - Sayı 1 2007" |
| 590 ## - LOCAL NOTE (RLIN) | |
| Local note | Sn. Yılmaz Aklar tarafından bağışlanmıştır. |
| 650 ## - SUBJECT ADDED ENTRY--TOPICAL TERM | |
| Topical term or geographic name entry element | Geopolitics |
| Geographic subdivision | Black Sea Region |
| 9 (RLIN) | 59756 |
| Topical term or geographic name entry element | Jeopolitik |
| Geographic subdivision | Karadeniz Bölgesi |
| 9 (RLIN) | 59757 |
| 651 ## - SUBJECT ADDED ENTRY--GEOGRAPHIC NAME | |
| 9 (RLIN) | 8133 |
| Geographic name | Türkiye |
| General subdivision | Dış ilişkiler |
| Geographic subdivision | Büyük Britanya |
| 9 (RLIN) | 8132 |
| Geographic name | Turkey |
| General subdivision | Foreign relations |
| Geographic subdivision | Great Britain |
| 710 2# - ADDED ENTRY--CORPORATE NAME | |
| Corporate name or jurisdiction name as entry element | Avrasya Stratejik Araştırmalar Merkezi (Türkiye) |
| 9 (RLIN) | 26957 |
| 942 ## - ADDED ENTRY ELEMENTS (KOHA) | |
| Koha item type | Book |
| Source of classification or shelving scheme | Library of Congress Classification |
| Withdrawn status | Lost status | Source of classification or shelving scheme | Not for loan | Collection code | Home library | Current library | Shelving location | Date acquired | Source of acquisition | Inventory number | Total Checkouts | Total Holds | Full call number | Barcode | Copy number | Date shelved | Koha item type | Public note | Serial Enumeration / chronology |
|---|---|---|---|---|---|---|---|---|---|---|---|---|---|---|---|---|---|---|---|
| Library of Congress Classification | Ödünç Verilebilir / Available | Genel Koleksiyon | Merkez Kütüphane | Merkez Kütüphane | Genel Koleksiyon / Main Collection | 04/06/2010 | Bağış / Donation | SUİ | JN98 .A95 2007 | 0033933 | 1 | 04/06/2010 | Book | Donated by Yılmaz Aklar | |||||
| Library of Congress Classification | Ödünç Verilebilir / Available | Genel Koleksiyon | Merkez Kütüphane | Merkez Kütüphane | Genel Koleksiyon / Main Collection | 02/07/2010 | Bağış / Donation | SUİ | JN98 .A95 2007 c.2 | 0034193 | 2 | 02/07/2010 | Book | Donated by Yılmaz Aklar | 1 |
